002660000a220010900045000410008000000820012000081100037000202450071000573000010001285000012001380010006001500 aENG04aAV 01481 aresurce leadership international10aFolleto : The Source Newsletter / resurce leadership international a6 Pag aFolleto13522